| 000 -LEADER |
| fixed length control field |
00971pab a2200157 454500 |
| 008 - FIXED-LENGTH DATA ELEMENTS--GENERAL INFORMATION |
| fixed length control field |
180718b2005 xxu||||| |||| 00| 0 eng d |
| 100 ## - MAIN ENTRY--PERSONAL NAME |
| Personal name |
Ramanathan, Usha |
| 245 ## - TITLE STATEMENT |
| Title |
Demolition drive |
| 260 ## - PUBLICATION, DISTRIBUTION, ETC. |
| Date of publication, distribution, etc. |
2005 |
| 300 ## - PHYSICAL DESCRIPTION |
| Extent |
p.2908-912 |
| 362 ## - DATES OF PUBLICATION AND/OR SEQUENTIAL DESIGNATION |
| Dates of publication and/or sequential designation |
2 Jul |
| 520 ## - SUMMARY, ETC. |
| Summary, etc. |
Even as the poor are kept teetering on the precipice of demolition and destruction of habitat, the assumption of powers by the state that can be exercised selectively and arbitrarily, based on a legality that it manufactures, has continued to flourish in contradiction of the inclusive interpretations developed in human rights jurisprudence. The right to housing has been rendered invisible, even non-existent, in this exertion of power, and the evolving meaning of `housing' and `adequate housing', and the injunction in the matter of forced evictions has been thrown into a cauldron of callous neglect. - Reproduced. |
| 650 ## - SUBJECT ADDED ENTRY--TOPICAL TERM |
| Topical term or geographic name entry element |
Housing |
| 773 ## - HOST ITEM ENTRY |
| Main entry heading |
Economic and Political Weekly |
| 909 ## - |
| -- |
65974 |